000 00473nam a2200181Ia 4500
008 240925s9999 xx 000 0 und d
020 _a201593890
082 _a005.11 GRA
100 _aGrahm, Ian
245 0 _aMigrating to Object Technology
250 _aNA
260 _aNew York:
_bFree Press
_c,1995.
300 _axxiii,552p.
_bNA
_fOriginal
500 _aNA
600 _aComputer Science
650 _aComputer science, information & general works
942 _cBK
999 _c5769
_d5769